1377 1209 1268 1363 1220 1304 1164 1746 1151 1219 1606 1360 1864 1040 1590 1871 1468 1599 1435 1689 1214 1019 1623 1452 1156 1964 1935 1786 1248 1513 1430 1806 1464 1634 1367 1554 1316 1961 1339 1713 1083 1257 1000 1818 1870 1087 1715 1198 1297 1077 1154 1246 1206 1410 1619 1040 1799 1722 1340 1048 1871 1509 1028 1765 1539 1990 1475 1165 1442 1225 1697 1765 1563 1294 1026 1112 1478 1484 1329 1831 1090 1562 1056 1246 1301 1561 1738 1494 1813 1203 1130 1737 1937 1114 1469 1133 1766 1125 1423 BCNSPRNW ULIB Ver.6.0+V

เปลี่ยนเป็นภาษาไทย

Change to English
 แสดงรายละเอียดบรรณานุกรม
  กลับหน้าหลัก

Brief Record : Get Marc (ISO 2709) : E-mail record : QR code < ปิดหน้าต่าง
LEADER : 00000nam 2200000uu 4500
001    13399120253
003     ULIB
008    120917s2553||||th 000 0 tha d
020    ^a9789741112289
060 04 ^aWY161^bส265ก ล.4 2553
245 00 ^aการพยาบาลทางศัลยศาสตร์ เล่ม 4 /^cสมพร ชินโนรส, ไสว นรสาร;บรรณาธิการ
250    ^aพิมพ์ครั้งที่ 1
260    ^aกรุงเทพฯ :^bโครงการตำรารามาธิบดี ภาควิชาพยาบาลศาสตร์คณะแพทยศาสตร์โรงพยาบาลรามาธิบดี มหาวิทยาลัยมหิดล,^c2553
300    ^a190หน้า:^bภาพประกอบ ;^c27 ซม.
536    ^aตำรานี้จัดพิมพ์เผยแพร่โดยได้รับความสนับสนุนจากโครงการตำรารามาธิบดี ภาควิชาพยาบาลศาสตร์ คณะแพทยศาสตร์โรงพยาบาลรามาธิบดี มหาวิทยาลัยมหิดล
650  7 ^aการพยาบาลศัลยศาสตร์
650  7 ^aศัลยศาสตร์^xการพยาบาล
700 0  ^aไสว นรสาร,^eบรรณาธิการ
700 0  ^aสมพร ชินโนรส,^eบรรณาธิการ
710 2  ^aมหาวิทยาลัยมหิดล. ^bคณะแพทยศาสตร์โรงพยาบาลรามาธิบดี.^bภาควิชาพยาบาลศาสตร์ โครงการตำรารามาธิบดี.
945    ^p220^l0^i16715
945    ^p220^l0^i16716
945    ^p220^l0^i16718
945    ^p220^l0^i16913
945    ^p220^l0^i16912
945    ^p220^l0^i16911
995    ^aวิภา
999 ^a ใช้งานได้ทุกระบบ
รายการนี้ยังไม่มีแท็ก
คุณยังไม่ได้ล็อกอิน คุณสามารถมีกิจกรรมร่วมกับเว็บไซต์ได้ แต่ต้องล็อกอินก่อน ::
  ล็อกอิน

รายการสื่อสารสนเทศ

ลำดับที่ ประเภท เลขเรียก/บาร์โค้ด สถานที่ สถานะ
1. วิทยาศาสตร์การแพทย์ และสุขภาพ
วิทยาศาสตร์การแพทย์ และสุขภาพ
WY161 ส265ก ล.4 2553  
  Barcode: 16715
ห้องสมุดวิทยาเขตนครสวรรค์
►ส่วนจัดเก็บหนังสือเก่า นว.
บนชั้น
  ขอยืม
2. วิทยาศาสตร์การแพทย์ และสุขภาพ
วิทยาศาสตร์การแพทย์ และสุขภาพ
WY161 ส265ก ล.4 2553 ฉ.2 
  Barcode: 16716
ห้องสมุดวิทยาเขตนครสวรรค์
►ส่วนจัดเก็บหนังสือเก่า นว.
บนชั้น
  ขอยืม
3. วิทยาศาสตร์การแพทย์ และสุขภาพ
วิทยาศาสตร์การแพทย์ และสุขภาพ
WY161 ส265ก ล.4 2553 ฉ.3 
  Barcode: 16718
ห้องสมุดวิทยาเขตนครสวรรค์
►ส่วนจัดเก็บหนังสือเก่า นว.
บนชั้น
  ขอยืม
4. วิทยาศาสตร์การแพทย์ และสุขภาพ
วิทยาศาสตร์การแพทย์ และสุขภาพ
WY161 ส265ก ล.4 2553 ฉ.4 
  Barcode: 16913
ห้องสมุดวิทยาเขตนครสวรรค์
►ส่วนจัดเก็บหนังสือเก่า นว.
บนชั้น
  ขอยืม
5. วิทยาศาสตร์การแพทย์ และสุขภาพ
วิทยาศาสตร์การแพทย์ และสุขภาพ
WY161 ส265ก ล.4 2553 ฉ.5 
  Barcode: 16912
ห้องสมุดวิทยาเขตนครสวรรค์
►ส่วนจัดเก็บหนังสือเก่า นว.
บนชั้น
  ขอยืม
6. วิทยาศาสตร์การแพทย์ และสุขภาพ
วิทยาศาสตร์การแพทย์ และสุขภาพ
WY161 ส265ก ล.4 2553 ฉ.6 
  Barcode: 16911
ห้องสมุดวิทยาเขตนครสวรรค์
►ส่วนจัดเก็บหนังสือเก่า นว.
บนชั้น
  ขอยืม

รายการใกล้เคียง
    หัวเรื่อง [การพยาบาลศัลยศาสตร์]
    หัวเรื่อง [ศัลยศาสตร์ การพยาบาล]

BibComment


ยังไม่เคยถูกคอมเมนท์

คอมเมนท์ทรัพยากรรายการนี้
  คอมเมนท์: การพยาบาลทางศัลย..


 Copyright 2026. Bcnsprnw @Library